Excavaciones de Numancia : (Record no. 61533)
[ view plain ]
| 000 -LEADER | |
|---|---|
| campo de control de longitud fija | 01496nam a2200313 i 4500 |
| 001 - NÚMERO DE CONTROL | |
| campo de control | 61533 |
| 003 - IDENTIFICADOR DE NÚMERO DE CONTROL | |
| campo de control | ES-MaACL |
| 005 - FECHA Y HORA DE LA ÚLTIMA TRANSACCIÓN | |
| campo de control | 20250811071124.0 |
| 007 - CAMPO FIJO DE DESCRIPCIÓN FÍSICA--INFORMACIÓN GENERAL | |
| campo de control de longitud fija | t| |
| 008 - DATOS DE LONGITUD FIJA--INFORMACIÓN GENERAL | |
| campo de control de longitud fija | 031112s1912 sp f |||| | spa d |
| 080 ## - NÚMERO DE LA CLASIFICACIÓN DECIMAL UNIVERSAL | |
| Número de la Clasificación Decimal Universal | 904(460.186) |
| 245 00 - MENCIÓN DEL TÍTULO | |
| Título | Excavaciones de Numancia : |
| Resto del título | memoria presentada al Ministerio de Instrucción Pública y Bellas Artes por la Comisión Ejecutiva / |
| Mención de responsabilidad, etc. | con fototipias de Hauser y Menet ; fotograbados y fotocromos de Laporta y litografías de Foruny. |
| 260 ## - PUBLICACIÓN, DISTRIBUCIÓN, ETC. | |
| Lugar de publicación, distribución, etc. | Madrid : |
| Nombre del editor, distribuidor, etc. | [s.n.], |
| Fecha de publicación, distribución, etc. | 1912 ( |
| Fabricante | Imp. Artística de José Blass y Cía.) |
| 300 ## - DESCRIPCIÓN FÍSICA | |
| Extensión | XIV, 51 p., LXV lám. col. y n., IV planos : |
| Otras características físicas | il. ; |
| Dimensiones | 32 cm. |
| 505 8# - NOTA DE CONTENIDO CON FORMATO | |
| Nota de contenido con formato | Contiene: Las excavaciones . Las ruinas de Numancia . Museo Numantino |
| 530 ## - NOTA DISPONIBLE DE FORMULARIO FÍSICO ADICIONAL | |
| Nota de formato físico adicional disponible | Disponible en formato digital. |
| 610 24 - PUNTO DE ACCESO ADICIONAL DE MATERIA--NOMBRE DE ENTIDAD CORPORATIVA | |
| Nombre de entidad corporativa o nombre de jurisdicción como elemento de entrada | Museo Numantino. |
| 9 (RLIN) | 5908 |
| 650 #4 - PUNTO DE ACCESO ADICIONAL DE MATERIA--TÉRMINO DE MATERIA | |
| Término de materia o nombre geográfico como elemento de entrada | Excavaciones arqueológicas- |
| Subdivisión geográfica | Soria (Provincia) |
| 9 (RLIN) | 12648 |
| 651 #4 - PUNTO DE ACCESO ADICIONAL DE MATERIA--NOMBRE GEOGRÁFICO | |
| Nombre geográfico | Numancia (Ciudad desaparecida) |
| 9 (RLIN) | 143146 |
| 700 1# - ENTRADA AGREGADA--NOMBRE PERSONAL | |
| Nombre de persona | Laporta, Francisco, |
| Fechas asociadas al nombre | 1850-1914 |
| 9 (RLIN) | 152865 |
| 700 1# - ENTRADA AGREGADA--NOMBRE PERSONAL | |
| Nombre de persona | Foruny, Antonio. |
| 9 (RLIN) | 169925 |
| 710 2# - ENTRADA AGREGADA--NOMBRE DE ENTIDAD CORPORATIVA | |
| Nombre de entidad corporativa o nombre de jurisdicción como elemento de entrada | Hauser y Menet (Madrid) |
| 9 (RLIN) | 4558 |
| 710 1# - ENTRADA AGREGADA--NOMBRE DE ENTIDAD CORPORATIVA | |
| Nombre de entidad corporativa o nombre de jurisdicción como elemento de entrada | España. |
| Unidad subordinada | Ministerio de Instrucción Pública y Bellas Artes |
| 9 (RLIN) | 226896 |
| 852 ## - LOCALIZACIÓN | |
| Ubicación | ES-MaACL |
| Número de control de estantería | F-490 |
| Ubicación en estantería | Depósito 2 |
| Nota libre | Revisado enlace: 21 de julio de 2025 |
| 852 ## - LOCALIZACIÓN | |
| Ubicación | ES-MaACL |
| Número de control de estantería | G-5780 |
| Ubicación en estantería | Depósito 2 |
| Nota libre | Revisado enlacer: 21 de julio de 2025 |
| 856 4# - LOCALIZACIÓN Y ACCESO ELECTRÓNICOS | |
| Identificador Uniforme de Recursos | <a href="http://bibliotecadigital.jcyl.es/i18n/consulta/registro.cmd?id=652">http://bibliotecadigital.jcyl.es/i18n/consulta/registro.cmd?id=652</a> |
| Texto de enlace | Biblioteca Digital de Castilla y León |
| 942 ## - ELEMENTOS DE ENTRADA SECUNDARIOS (KOHA) | |
| Fuente del sistema de clasificación o colocación | Clasificación decimal universal |
| Estatus retirado | Estado de pérdida | Estado de daño | No para préstamo | Colección | Biblioteca de origen | Biblioteca actual | Ubicación en estantería | Fecha de adquisición | Fuente de adquisición | Total de préstamos | Signatura topográfica completa | Código de barras | Visto por última vez | Precio de reemplazo | Tipo de ítem Koha |
|---|---|---|---|---|---|---|---|---|---|---|---|---|---|---|---|
| Colección digital | Biblioteca del Ateneo de Madrid | Biblioteca del Ateneo de Madrid | Depósito 2 | 17/01/2008 | G-5780 | 1064519 | 23/02/2023 | 23/02/2023 | Libro impreso | ||||||
| Colección digital | Biblioteca del Ateneo de Madrid | Biblioteca del Ateneo de Madrid | Depósito 2 | 17/01/2008 | F-490 | 1064518 | 23/02/2023 | 23/02/2023 | Libro impreso |
